000 00586nas a2200217 4500
001 BR2019001054
003 BR-BrBNA
005 20231205131840.0
007 ta
008 230509b bl.|||p| |||| 00| 00por d
040 _aBR-BrBNA
_bpor
_cBiblioteca Nacional de Agricultura
041 _a(Pt)
072 _aF01; J11
100 1 _aFreitas, D.
100 1 _a
245 1 _aA rainha das flores
650 _aFLORICULTURA
773 0 _tRevista Produz (Brazil)
_x1806-8103
_g(2012), v. 7(71) p.88-91
_wBR2019001054
909 _a202311
_bLúcia
_c55
_dLúcia Elande
942 _2AGRIS
_n0
_cANA
999 _c257062
_d257062